Score 0/20 Timer 15:00
0 Plays Today
% Correct
The Lord of the Rings
91.2%
The Lion, the Witch and the Wardrobe
89.7%
Harry Potter and the Philosopher's Stone
89.5%
A Game of Thrones
66.1%
Nineteen Eighty-Four
64.8%
The War of the Worlds
64.3%
A Wizard of Earthsea
63.7%
Dune
55.2%
A Clockwork Orange
52.2%
Starship Troopers
46.6%
% Correct
The Man in the High Castle
43.9%
Stardust
37.6%
The Way of Kings
37.2%
The Colour of Magic
30.7%
The Name of the Wind
30.6%
Lord of Light
27.9%
Neuromancer
25.5%
Howl's Moving Castle
23.5%
Foundation
22%
From the Earth to the Moon
17.8%
Remove Ads.
Support Sporcle.
Get the best of Sporcle when you Go Orange. This ad-free experience offers more features, more stats, and more fun while also helping to support Sporcle. Thank you for becoming a member.

You're not logged in!

Compare scores with friends on all Sporcle quizzes.
OR
Log In

Sporcle TV

Today on Sporcle TV


Watch our educational content, quiz creation guides, and fun videos on Sporcle TV.

Show Comments

Extras

Top Quizzes Today


Score Distribution

Paid Content

Your Account Isn't Verified!

In order to create a playlist on Sporcle, you need to verify the email address you used during registration. Go to your Sporcle Settings to finish the process.

Report this User

Report this user for behavior that violates our Community Guidelines.

Details: